MDQL
is popping MORE tags! Check the
thread
!
Quizzes
Events
Quiz Creation
Community
Videos
Private Events
Remove Ads
Sign In
Join for FREE
Feedback
Dark Mode
Quiz Categories
Sports
Geography
Music
Movies
Television
Just For Fun
Miscellaneous
History
Literature
Language
Science
Gaming
Entertainment
Religion
Holiday
For Kids
Quiz Lab
Recent
Popular Today
Quiz Kudos Today
Editor Picks
Curator Picks
Quizzes by...
Day
Popularity
Type
Ratings
Length
Year
Community
Subscriptions
Recent Discussions
Orange Saloon
Badges
Playlists
Quests
Create
Leaderboards
Showdown
Live 5
Trivia Bingo
Activity
Puzzle Library
Sporcle Events
Private Events
Virtual Trivia
Globe League
Become a Host
Pub Owners
SporcleCon
Opinionation
Our Games
Videos
Blog
Mobile Apps
Partnerships
Remove Ads and Go Orange
Feedback
Entertainment
Celebrity
Famous
Musical
Broadway
Show
Quote
Comic Books
Anime
Superhero
DC Comics
Marvel
Cartoons
Animation
Entertainment
Celebrity
Famous
Musical
Broadway
Show
Quote
Comic Books
Anime
Superhero
DC Comics
Marvel
Cartoons
Animation
Random Quiz
Search Sporcle
×
Quiz Lab
Quiz Lab
Entertainment
State
Type in answers that appear in a list
Type in answers that appear in a list
Classic
Best Score? Go Orange.
All Time Justice League of America Stats
Can you name the All Time Justice League of America?
By
Kyotmoon
10m
80 Questions
748 Plays
748 Plays
748 Plays
Comments
Comments
Give Quiz Kudos
Give Quiz Kudos
-
- Ratings
hide this ad
Replay
Link that replays current quiz
Next Quiz
Link to next quiz in quiz playlist
You Got
0%
They Got
Avg Score
56%
Avg Friend Score
Upgrade to see
Score Distribution
Jump to the score distribution portion of the page
Score
0/80
Timer
10:00
0
Plays Today
Joined
Name
% Correct
Founding Member
Batman
99.6%
Founding Member
Superman
99.3%
Founding Member
Green Lantern
97.5%
Justice League
Green Lantern (Guy Gardner)
97.5%
JLA
Green Lantern (Kyle Rayner)
97.5%
2000-
2001 Recruit
Green Lantern (John Stewart)
97.5%
Founding Member
Wonder Woman
96.8%
JLA
Hippolyta
96.8%
Founding Member
The Flash
96.1%
Justice League
Flash (Jay Garrick)
96.1%
JLA
Flash (Wally West)
96.1%
Founding Member
Aquaman
93.6%
Founding Member
Martian Manhunter
92.2%
1960's Recruit
Green Arrow
88%
JLA
Green Arrow (Conner Hawke)
88%
1960's Recruit
Hawkman
85.3%
Justice League
Hawkman (Fel Andar)
85.3%
1960's Recruit
Black Canary
84.1%
1970's Recruit
Hawkgirl
80.5%
2000-
2001 Recruit
Hawkgirl (Kendra Saunders)
80.5%
1960's Recruit
The Atom
79.8%
Justice League
Fire
74.5%
1970's Recruit
Red Tornado
73.8%
2000-
2001 Recruit
Nightwing
71.9%
Justice League
Ice
69%
1970's Recruit
Elongated Man
68%
Justice League
Blue Beetle
67.8%
1970's Recruit
Zatanna
67.1%
Justice League
Booster Gold
66.2%
Detroit Team
Steel
65.9%
JLA
John Henry Irons
65.9%
Justice League
Dr Fate (Linda Strauss)
65.5%
Detroit Team
Vixen
65.2%
1980's Recruit
Firestorm
64%
Justice League
Doctor Fate
63.9%
JLA
Oracle
63.6%
Justice League
Huntress
61.6%
Justice League
Captain Marvel
61.1%
Current
Cyborg
61%
Detroit Team
Vibe
59.9%
Joined
Name
% Correct
One Year Later
Red Arrow
57.8%
Detroit Team
Gypsy
57.5%
JLA
Plastic Man
56.3%
Justice League
Captain Atom
54.7%
One Year Later
Black Lightning
50.5%
1970's Recruit
Phantom Stranger
49.2%
Justice League
Hawkwoman
48.4%
Justice League
Dr Light
46.7%
Current
Donna Troy
45.7%
Justice League
Rocket Red 7
44.4%
Justice League
Rocket Red 4
44.4%
Current
Starfire
44.3%
JLA
Big Barda
42.9%
Post-
Zero Hour
Blue Devil
40.6%
JLA
Hourman
40%
Post-
Zero Hour
Nuklon
39%
One Year Later
Geo Force
39%
Justice League
Orion
38.2%
Post-
Zero Hour
Obsidian
36.5%
Justice League
Ray
35.2%
JLA
Aztek
33.7%
JLA
Tomorrow Woman
27.7%
Justice League
Bloodwynd
26.3%
Justice League
Maxima
26.3%
JLA
Zauriel
25.5%
Justice League
Lightray
25.1%
Post-
Zero Hour
Icemaiden
25%
2000-
2001 Recruit
Jason Blood
23.9%
Justice League
Black Condor
22.1%
Current
Mon-El
21.8%
JLA
Jesse Quick
20.5%
2000-
2001 Recruit
Manitou Raven
20.2%
Justice League
General Glory
20.1%
2000-
2001 Recruit
Faith
19.9%
Current
Guardian
19%
Justice League
Tasmanian Devil
18.9%
Justice League
Agent Liberty
18%
2000-
2001 Recruit
Moon Maiden
13.2%
JLA
Antaeus
10.3%
JLA
Dark Flash
9.1%
Quiz Playlist
Details
Report
Send in Message
Add To Playlist
Classic:
Type in answers that appear in a list
Last Updated: Feb 16, 2017
Quiz Scoreboard
CHALLENGE
Sign Up to Join the Scoreboard
Show All
Scores
Hide
Comments
May contain spoilers
Recently Published
1-10 Letter E Words III
by El_Dandy
Language
2m
Street Fighter Characters
by Artimus82
Gaming
60s
College Basketball Coaching Resumes
by pancakes188
Sports
9m
More to Explore
Quiz From the Vault
Featured Blog Post
Where Did the Easter Bunny Come From?
hide this ad
You Might Also Like...
Tags
Justice Quiz
State Quiz
All Time
America
Joined
Justice League
League
Today's Top Quizzes in Entertainment
Browse Entertainment
hide this ad
Today's Top Quizzes in State
Browse State
Top Contributed Quizzes in Entertainment
1
7-to-1: DC Comics Villains
2
Marvel Characters Bunker
3
Dragon Ball Z: Goku's Fights in Order
4
Eurovision 2023 Logic Puzzle
5
Sorting Pictures: Villains
6
Criteria Quickie: Cartoon Taxonomy II
7
7-to-1: One Piece
8
One Piece Characters Order of Appearance
9
Mini Trivia Sudoku: Musicals
10
Kamen Rider Motifs
Explore More
Trending Topics
NBA
Marvel
Anime
Harry Potter
Crossword
Kpop
Disney
Country
NFL
The Office
Soccer
WWE
Pokémon
Puzzle
Song
hide this ad
More By:
Kyotmoon
Quiz
Plays
Rating
Category
Featured
Created
All-Time Avengers Roster
1,103
3.67
Entertainment
Dec 17, 2009
All Time Justice League of America
748
5.00
Entertainment
Feb 5, 2010
Who Survived Lost?
386
3.60
Television
Oct 18, 2010
MMA Fighter by Nickname
360
2.00
Sports
Mar 16, 2010
Go to Creator's Profile
Score Distribution
Quiz Creator Spotlight
Kyotmoon
Follow
Send a Message
Quizzes Created
-
Created Quiz Play Count
-
More By This Creator
Popular Quizzes Today
1
Find the US States - No Outlines Minefield
2
Find the Countries of Europe - No Outlines Minefield
3
The Countries of the World
4
Find the US States
5
Risky Map Clicking: Biggest States A-Z
6
US States
7
Popular People in 1961
8
Movies - When Are They Set?
More Entertainment Quizzes
Click the Black and White Cartoon Characters
Curator's Pick
Trending Quizzes
Risky Map Clicking: Least Populous States A-Z
Billboard Blitz: Aretha Franklin
1-10 Letter G Words
Countries of the World: 200 Million BC
1-10 Letter F Words
Recently Updated
Leaping Animals
pecheneg
Reality TV Shows (A-Z)
bhenderson79
Rickey Henderson's Hall of Fame Teammates
pecheneg
Champions League XIs: Arsenal
pecheneg
Quick Pick: Celebrities in WWE's Hall of Fame
aduchscher
A-Z Keypad Blitz II
pecheneg
Multiple Oscar Actors
pecheneg
Mystery Phrase Blitz: Oscar 'Best Actors'
pecheneg
F. Scott Fitzgerald Novels
LTH
Pick 3 Villains
ddd62291
Trending Topics
Anime
Crossword
Kpop
Harry Potter
Marvel
Disney
NBA
Puzzle
Soccer
WWE
NFL
Song
Country
Pokémon
The Office
Your Account Isn't Verified!
In order to create a playlist on Sporcle, you need to verify the email address you used during registration. Go to your
Sporcle Settings
to finish the process.
Report this User
Report this user for behavior that violates our
Community Guidelines
.
Details:
Send Report
Go to the Sporcle.com Mobile Site →
Comments